The Cooperative learning guide & planning pak for primary grades : (Record no. 112780)
[ view plain ]
| 000 -LEADER | |
|---|---|
| fixed length control field | 00614nam a2200181 a 4500 |
| 001 - CONTROL NUMBER | |
| control field | 2612 |
| 005 - DATE AND TIME OF LATEST TRANSACTION | |
| control field | 20140414131951.0 |
| 008 - FIXED-LENGTH DATA ELEMENTS--GENERAL INFORMATION | |
| fixed length control field | 050607s19uu xx 00 eng d |
| 020 ## - INTERNATIONAL STANDARD BOOK NUMBER | |
| International Standard Book Number | 0-86530-240-5 |
| 050 ## - LIBRARY OF CONGRESS CALL NUMBER | |
| Classification number | TR 371.3 |
| Item number | F776 1992 |
| 100 ## - MAIN ENTRY--PERSONAL NAME | |
| Personal name | Forte, Imogene |
| 245 ## - TITLE STATEMENT | |
| Title | The Cooperative learning guide & planning pak for primary grades : |
| Statement of responsibility, etc | by Imogene Forte and Joy MacKenzie. |
| Remainder of title | thematic projects & activities / |
| 260 ## - PUBLICATION, DISTRIBUTION, ETC. (IMPRINT) | |
| Place of publication, distribution, etc | Nashville, Tennesse : |
| Name of publisher, distributor, etc | Incentive Publications, |
| Date of publication, distribution, etc | 1992. |
| 300 ## - PHYSICAL DESCRIPTION | |
| Extent | 142 p. : ill. ; cm. |
| 440 ## - SERIES STATEMENT/ADDED ENTRY--TITLE | |
| Title | Kid's Stuff |
| 650 ## - SUBJECT ADDED ENTRY--TOPICAL TERM | |
| Topical term or geographic name as entry element | Methods of instructions and study. |
| Withdrawn status | Lost status | Damaged status | Use restrictions | Home library | Current library | Shelving location | Date acquired | Source of acquisition | Total Checkouts | Full call number | Barcode | Date last seen | Price effective from | Koha item type |
|---|---|---|---|---|---|---|---|---|---|---|---|---|---|---|
| Munich Library | Munich Library | Teachers Reference Section | 06/07/2005 | TR 371.3 F776 1992 | M4170 | 04/14/2014 | 04/14/2014 | Books |